| 000 | 00909nam a22002417a 4500 | ||
|---|---|---|---|
| 005 | 20220721105823.0 | ||
| 008 | 220720b ||||| |||| 00| 0 eng d | ||
| 020 | _a8187137800 | ||
| 040 | _cAloy | ||
| 041 | _ahin | ||
| 082 |
_223 _aH891.8 _bBHAP |
||
| 100 |
_aSanthosh Bharatiy: संतोष भारतीय _952190 |
||
| 245 | _aPadav aur manzile: पड़ाव और मंज़िले | ||
| 260 |
_aNayi Dilli, _bBharthi Prakashan, _c2005 |
||
| 300 |
_a240p. _cHB _b24x16cm. |
||
| 365 | _2Hindi | ||
| 650 |
_aHindi Prose: हिंदी गध्य _952011 |
||
| 650 |
_aHindi Literature: हिंदी साहित्य _952012 |
||
| 700 |
_aBHARATIY (Santhosh): भारतीय (संतोष) _952013 |
||
| 700 |
_aHARIVAMSH: हरिवंश _952014 |
||
| 700 |
_aCHATURVEDI (Anurag): चतुर्वेदी (अनुराग) _952015 |
||
| 942 |
_2ddc _cGF |
||
| 999 |
_c224048 _d224048 |
||